[Event "Oberliga Sued W 1819"]
[Site "Germany"]
[Date "2019.03.24"]
[Round "8.7"]
[White "Hipler, Andreas"]
[Black "Becker, Joerg"]
[Result "0-1"]
[WhiteElo "1870"]
[BlackElo "2105"]
[PlyCount "66"]
[EventDate "2018.10.21"]
[EventType "team-tourn"]
[EventRounds "9"]
[EventCountry "GER"]
[SourceTitle "EXT 2020"]
[Source "ChessBase"]
[SourceDate "2019.10.17"]
[SourceVersion "1"]
[SourceVersionDate "2019.10.17"]
[SourceQuality "1"]
[WhiteTeam "Gau Algesheim"]
[BlackTeam "Schwarzenbach Caissa"]
[WhiteTeamCountry "GER"]
[BlackTeamCountry "GER"]

1. d4 d5 2. Nf3 Nf6 3. e3 c5 4. b3 Nc6 5. Bd3 Bg4 6. Bb2 cxd4 7. exd4 e6 8. 0-0 Bd6 9. Nbd2 0-0 10. h3 Bh5 11. c4 dxc4 12. Nxc4 Be7 13. Be2 Nd5 14. Nfe5 Bxe2 15. Qxe2 Nxe5 16. dxe5 b5 17. Nd2 Nf4 18. Qe3 Nd3 19. Bd4 Nb4 20. Rfc1 Bg5 21. f4 Nd5 22. Qe4 Bxf4 23. Rd1 Rc8 24. Nf3 Qc7 25. Rd3 a5 26. Bf2 Bh6 27. g4 Nf4 28. g5 Nxh3+ 29. Kg2 Nxg5 30. Nxg5 Bxg5 31. Rh1 Qc6 32. Qxc6 Rxc6 33. Rdh3 h6 0-1

[Event "NRW Class2 1819"]
[Site "Germany"]
[Date "2019.01.13"]
[Round "5.8"]
[White "Becker, Joerg"]
[Black "Punsaem, Gap"]
[Result "1-0"]
[WhiteElo "2123"]
[BlackElo "1962"]
[PlyCount "81"]
[EventDate "2018.09.16"]
[EventType "team-tourn"]
[EventRounds "9"]
[EventCountry "GER"]
[SourceTitle "EXT 2022"]
[Source "ChessBase"]
[SourceDate "2021.10.06"]
[SourceVersion "1"]
[SourceVersionDate "2021.10.06"]
[SourceQuality "1"]
[WhiteTeam "Sodingen/Castrop SK"]
[BlackTeam "Guetersloh"]
[WhiteTeamCountry "GER"]
[BlackTeamCountry "GER"]

1. d4 Nf6 2. Nf3 g6 3. g3 Bg7 4. Bg2 d5 5. 0-0 0-0 6. c4 c5 7. dxc5 Qa5 8. cxd5 Qxc5 9. Nc3 Rd8 10. Nd2 Na6 11. e4 Bg4 12. Qb3 b6 13. h3 Bd7 14. e5 Nh5 15. Nde4 Qd4 16. g4 f5 17. exf6 Nxf6 18. d6+ e6 19. Be3 Qe5 20. Rad1 Nxe4 21. Bxe4 Rac8 22. Bg2 Nc5 23. Qa3 Bf8 24. Bd4 Qf4 25. Ne2 Qf7 26. b4 Na4 27. Be5 Bb5 28. Rd2 Bh6 29. f4 Rc4 30. Rc1 Rdc8 31. Rxc4 Rxc4 32. d7 Bxd7 33. Qd3 Bb5 34. Qd8+ Qe8 35. Qh4 Qf8 36. Rd8 Be8 37. Bd6 g5 38. Bxf8 gxh4 39. Bxh6 Kf7 40. f5 Rc2 41. fxe6+ 1-0

[Event "NRW Class2 1819"]
[Site "Germany"]
[Date "2018.09.16"]
[Round "1.8"]
[White "Becker, Joerg"]
[Black "Dette, Jan"]
[Result "1/2-1/2"]
[WhiteElo "2123"]
[BlackElo "2076"]
[PlyCount "108"]
[EventDate "2018.09.16"]
[EventType "team-tourn"]
[EventRounds "9"]
[EventCountry "GER"]
[SourceTitle "EXT 2022"]
[Source "ChessBase"]
[SourceDate "2021.10.06"]
[SourceVersion "1"]
[SourceVersionDate "2021.10.06"]
[SourceQuality "1"]
[WhiteTeam "Sodingen/Castrop SK"]
[BlackTeam "Essen Katernberg"]
[WhiteTeamCountry "GER"]
[BlackTeamCountry "GER"]

1. d4 e6 2. Nf3 f5 3. g3 Nf6 4. Bg2 d5 5. c4 c6 6. 0-0 Bd6 7. Qb3 0-0 8. Nc3 Kh8 9. Bf4 Bxf4 10. gxf4 Ne4 11. Rad1 Nd7 12. Rd3 b6 13. Qa4 Bb7 14. cxd5 cxd5 15. Ne5 Nxe5 16. fxe5 a6 17. f3 Nxc3 18. Rxc3 Rc8 19. Rfc1 Rxc3 20. Rxc3 Qh4 21. Qd7 Qxd4+ 22. e3 Qd1+ 23. Bf1 Qxf3 24. Qxb7 f4 25. e4 Qxe4 26. Qxb6 Qxe5 27. Qf2 a5 28. Qc5 Qf6 29. Bg2 h6 30. h3 Rb8 31. b3 a4 32. b4 Qe5 33. Kf2 a3 34. Rc2 Qe3+ 35. Qxe3 fxe3+ 36. Kxe3 Rxb4 37. Kd3 Kg8 38. Bf3 Kf7 39. Rc7+ Kf6 40. Ra7 e5 41. Kc3 Rc4+ 42. Kb3 Rd4 43. Rxa3 Kg5 44. Kc2 Kf4 45. Be2 e4 46. Ra7 Ke3 47. Bb5 Rd2+ 48. Kb3 Rh2 49. Bc6 Rxh3 50. Rxg7 Kd2+ 51. Kb2 e3 52. Rd7 e2 53. Rxd5+ Ke3 54. Re5+ Kd2 1/2-1/2

[Event "Oberliga Sued W 1718"]
[Site "Germany"]
[Date "2017.11.12"]
[Round "4.8"]
[White "Schmerda, Ingo"]
[Black "Becker, Joerg"]
[Result "0-1"]
[WhiteElo "1880"]
[BlackElo "2116"]
[PlyCount "70"]
[EventDate "2017.09.10"]
[EventType "team-tourn"]
[EventRounds "11"]
[EventCountry "GER"]
[SourceTitle "EXT 2019"]
[Source "ChessBase"]
[SourceDate "2018.10.10"]
[SourceVersion "1"]
[SourceVersionDate "2018.10.10"]
[SourceQuality "1"]
[WhiteTeam "Altenkirchen"]
[BlackTeam "Schwarzenbach Caissa"]
[WhiteTeamCountry "GER"]
[BlackTeamCountry "GER"]

1. d4 d5 2. c4 c6 3. Nc3 Nf6 4. e3 e6 5. Nf3 Ne4 6. Bd3 f5 7. Ne5 Qh4 8. 0-0 Bd6 9. f4 0-0 10. Nxe4 fxe4 11. Be2 Nd7 12. Nxd7 Bxd7 13. c5 Bc7 14. Bd2 b6 15. cxb6 axb6 16. Bb4 Rfb8 17. b3 b5 18. Qd2 g5 19. g3 Qh3 20. Rf2 gxf4 21. gxf4 Kf7 22. Qc3 Rg8+ 23. Kh1 Bb6 24. Bf1 Qh4 25. Qd2 Rg6 26. Bg2 Rh6 27. Bf1 Rg8 28. Rg2 Rxg2 29. Qxg2 Rg6 30. Qe2 e5 31. f5 Bxf5 32. Bg2 Rh6 33. Bf1 Bg4 34. Qc2 Bf3+ 35. Kg1 Rg6+ 0-1

[Event "Hannover Bezirk-ch B"]
[Site "Lehrte"]
[Date "2017.10.30"]
[Round "6.11"]
[White "Koepp, Jan"]
[Black "Becker, Joerg"]
[Result "1-0"]
[WhiteElo "1690"]
[BlackElo "1936"]
[PlyCount "55"]
[EventDate "2017.10.28"]
[EventType "swiss"]
[EventRounds "7"]
[EventCountry "GER"]
[SourceTitle "EXT 2022"]
[Source "ChessBase"]
[SourceDate "2021.10.06"]
[SourceVersion "1"]
[SourceVersionDate "2021.10.06"]
[SourceQuality "1"]

1. e4 c5 2. Nf3 d6 3. g3 Nf6 4. d3 Nc6 5. Bg2 g6 6. 0-0 Bg7 7. Re1 Qc7 8. Nc3 0-0 9. Bf4 e5 10. Be3 a6 11. a4 Rb8 12. Qd2 Re8 13. Bg5 Be6 14. Bxf6 Bxf6 15. Ng5 b5 16. Nxe6 fxe6 17. b3 Nd4 18. Ne2 Rf8 19. Nxd4 exd4 20. axb5 axb5 21. Ra2 e5 22. Rea1 Qc6 23. Ra7 Rb6 24. Bh3 Rd8 25. Qh6 Rb7 26. Be6+ Kh8 27. Bd5 Rxa7 28. Rxa7 1-0

[Event "Ruhrgebiet Regionalliga 1617"]
[Site "Germany"]
[Date "2017.03.19"]
[Round "8.7"]
[White "Becker, Joerg"]
[Black "Klueting, Reiner"]
[Result "1-0"]
[WhiteElo "2099"]
[BlackElo "1869"]
[PlyCount "105"]
[EventDate "2016.09.11"]
[EventType "team-tourn"]
[EventRounds "9"]
[EventCountry "GER"]
[SourceTitle "EXT 2022"]
[Source "ChessBase"]
[SourceDate "2021.10.06"]
[SourceVersion "1"]
[SourceVersionDate "2021.10.06"]
[SourceQuality "1"]
[WhiteTeam "Sodingen/Castrop SK"]
[BlackTeam "Wattenscheid SV II"]
[WhiteTeamCountry "GER"]
[BlackTeamCountry "GER"]

1. c4 e5 2. Nc3 Bb4 3. Nf3 Nc6 4. Nd5 Be7 5. d3 d6 6. g3 Nf6 7. Bg2 0-0 8. 0-0 Nd4 9. Nxe7+ Qxe7 10. Nxd4 exd4 11. h3 c6 12. e4 dxe3 13. Bxe3 Be6 14. Rc1 Qd7 15. Kh2 d5 16. Bd4 dxc4 17. Bxf6 gxf6 18. dxc4 Qxd1 19. Rfxd1 Rfd8 20. b3 Kf8 21. g4 f5 22. Kg3 fxg4 23. hxg4 Ke7 24. Kf4 Rg8 25. Bf3 Rg7 26. Rh1 Rd8 27. Rcd1 Rdg8 28. Rh4 Rg6 29. Be2 h6 30. Rdh1 Rd8 31. Ke3 Rdg8 32. f3 f5 33. gxf5 Bxf5 34. Rxh6 Rxh6 35. Rxh6 Rg1 36. Bd3 Be6 37. c5 Ra1 38. Rh2 a5 39. Kd4 a4 40. Rh7+ Kf6 41. bxa4 Rxa2 42. Rh6+ Kf7 43. Ke5 Bd5 44. Be4 Rxa4 45. Bxd5+ cxd5 46. Rh7+ Ke8 47. Rxb7 Rc4 48. Kd6 d4 49. Re7+ Kd8 50. Re4 Rc3 51. f4 d3 52. Rd4 Rc4 53. Rxc4 1-0

[Event "Ruhrgebiet Regionalliga 1617"]
[Site "Germany"]
[Date "2017.02.26"]
[Round "7.8"]
[White "Becker, Joerg"]
[Black "Althoff, Ralph"]
[Result "1-0"]
[WhiteElo "2099"]
[BlackElo "1932"]
[PlyCount "49"]
[EventDate "2016.09.11"]
[EventType "team-tourn"]
[EventRounds "9"]
[EventCountry "GER"]
[SourceTitle "EXT 2022"]
[Source "ChessBase"]
[SourceDate "2021.10.06"]
[SourceVersion "1"]
[SourceVersionDate "2021.10.06"]
[SourceQuality "1"]
[WhiteTeam "Sodingen/Castrop SK"]
[BlackTeam "Brackel SF"]
[WhiteTeamCountry "GER"]
[BlackTeamCountry "GER"]

1. d4 f5 2. Nf3 Nf6 3. g3 d6 4. Bg2 g6 5. c4 Bg7 6. Nc3 0-0 7. 0-0 Qe8 8. b3 Na6 9. Bb2 c6 10. d5 Bd7 11. Nd4 Rc8 12. a3 Nc7 13. Qd2 a6 14. Rad1 cxd5 15. cxd5 Qf7 16. e3 h6 17. b4 Qe8 18. Rfe1 Kh8 19. e4 fxe4 20. Nxe4 Ba4 21. Nxd6 Qd8 22. Nxb7 Qd7 23. Nc5 Qe8 24. Nxa4 Qxa4 25. Rxe7 1-0

[Event "Ruhrgebiet Regionalliga 1617"]
[Site "Germany"]
[Date "2016.10.02"]
[Round "2.8"]
[White "Becker, Joerg"]
[Black "Bachmann, Rolf"]
[Result "1-0"]
[WhiteElo "2099"]
[BlackElo "1832"]
[PlyCount "145"]
[EventDate "2016.09.11"]
[EventType "team-tourn"]
[EventRounds "9"]
[EventCountry "GER"]
[SourceTitle "EXT 2022"]
[Source "ChessBase"]
[SourceDate "2021.10.06"]
[SourceVersion "1"]
[SourceVersionDate "2021.10.06"]
[SourceQuality "1"]
[WhiteTeam "Sodingen/Castrop SK"]
[BlackTeam "Hamm SV"]
[WhiteTeamCountry "GER"]
[BlackTeamCountry "GER"]

1. d4 d5 2. Nf3 c6 3. g3 Nf6 4. Bg2 Bf5 5. Nbd2 e6 6. 0-0 Nbd7 7. c4 Be7 8. Nh4 Bg6 9. Nxg6 hxg6 10. b3 0-0 11. Bb2 Qc7 12. Rc1 Rac8 13. e3 Qb8 14. Qe2 b5 15. c5 a5 16. f4 Rfe8 17. g4 Nh7 18. g5 f5 19. h4 Kf7 20. Rf3 Rh8 21. Rh3 Rcg8 22. Nf3 Nhf8 23. Kf2 Ke8 24. Bc3 Bd8 25. Bd2 Bc7 26. a4 bxa4 27. bxa4 Qa8 28. Rb1 Nb8 29. Rhh1 Nfd7 30. Rb3 Ke7 31. Rhb1 Na6 32. Qe1 Rb8 33. Rxb8 Rxb8 34. Rxb8 Naxb8 35. Bf1 Nf8 36. Be2 Nbd7 37. Bc3 Kf7 38. Qd2 Ke7 39. Ne1 Nb8 40. Nd3 Nbd7 41. Nc1 Kd8 42. Nb3 Kc8 43. Bxa5 Nb8 44. Bxc7 Kxc7 45. a5 Qb7 46. Qd3 Qa7 47. a6 Kc8 48. Nd2 Kc7 49. Qa3 Nbd7 50. Qa5+ Kc8 51. Nf3 Qc7 52. Qa4 Kb8 53. Ne1 Ka8 54. Nd3 Ka7 55. Nb4 Nb8 56. Bd1 Ka8 57. a7 Qxa7 58. Nxc6 Qxa4 59. Bxa4 Na6 60. Ne5 Nc7 61. Nf7 Ka7 62. Nd6 Ka6 63. Ke2 Ka5 64. Bc6 Ka6 65. Kd3 Ka7 66. Kc3 Kb8 67. Kb4 Ka7 68. Ka5 Nh7 69. Ne8 Nxe8 70. Bxe8 Nf8 71. c6 Kb8 72. Kb6 Kc8 73. c7 1-0

[Event "Ruhrgebiet Regionalliga 1516"]
[Site "Germany"]
[Date "2016.01.17"]
[Round "5.2"]
[White "Goldschmidt, Christian"]
[Black "Becker, Joerg"]
[Result "0-1"]
[WhiteElo "2129"]
[BlackElo "2151"]
[PlyCount "78"]
[EventDate "2015.09.13"]
[EventType "team-tourn"]
[EventRounds "9"]
[EventCountry "GER"]
[SourceTitle "EXT 2022"]
[Source "ChessBase"]
[SourceDate "2021.10.06"]
[SourceVersion "1"]
[SourceVersionDate "2021.10.06"]
[SourceQuality "1"]
[WhiteTeam "Brackel SF"]
[BlackTeam "Sodingen/Castrop SK II"]
[WhiteTeamCountry "GER"]
[BlackTeamCountry "GER"]

1. e4 d5 2. exd5 Nf6 3. d4 Nxd5 4. Nf3 g6 5. c4 Nb6 6. Nc3 Bg7 7. c5 Nd5 8. Bc4 Nxc3 9. bxc3 0-0 10. 0-0 c6 11. Qb3 b5 12. cxb6 axb6 13. Ng5 e6 14. Ne4 Ba6 15. Bxa6 Rxa6 16. Bg5 Qd5 17. Nf6+ Bxf6 18. Bxf6 Nd7 19. c4 Qd6 20. Bg5 Rfa8 21. Rfd1 Ra4 22. h4 Qb4 23. Rac1 Qa5 24. Qg3 Rxa2 25. Qc7 Qf5 26. Be3 R8a3 27. Rf1 Nf6 28. Bh6 Ra8 29. Qxc6 Ng4 30. Be3 Qh5 31. Bf4 Qxh4 32. f3 Nf2 33. Bh2 Nh3+ 34. Kh1 Nf2+ 35. Kg1 Qxd4 36. Be5 Nh3+ 37. Kh2 Qxe5+ 38. Kxh3 Qh5+ 39. Kg3 Qg5+ 0-1

[Event "Ruhrgebiet Regionalliga 1516"]
[Site "Germany"]
[Date "2015.11.15"]
[Round "3.3"]
[White "Becker, Joerg"]
[Black "Mancic, Ivan"]
[Result "1/2-1/2"]
[WhiteElo "2151"]
[BlackElo "2063"]
[PlyCount "93"]
[EventDate "2015.09.13"]
[EventType "team-tourn"]
[EventRounds "9"]
[EventCountry "GER"]
[SourceTitle "EXT 2022"]
[Source "ChessBase"]
[SourceDate "2021.10.06"]
[SourceVersion "1"]
[SourceVersionDate "2021.10.06"]
[SourceQuality "1"]
[WhiteTeam "Sodingen/Castrop SK II"]
[BlackTeam "Gladbeck SG"]
[WhiteTeamCountry "GER"]
[BlackTeamCountry "GER"]

1. d4 Nf6 2. Nf3 g6 3. g3 c6 4. c4 Bg7 5. Bg2 d5 6. 0-0 0-0 7. cxd5 cxd5 8. Nc3 Nc6 9. Bf4 Qb6 10. b3 Bf5 11. Ne5 Rfd8 12. Na4 Qb4 13. Nxc6 bxc6 14. Be5 Nd7 15. Bxg7 Kxg7 16. Rc1 Qd6 17. e3 h5 18. f3 Rac8 19. f4 Qe6 20. Re1 h4 21. Kf2 hxg3+ 22. hxg3 Rh8 23. Rh1 Rxh1 24. Qxh1 Rh8 25. Qg1 Nf6 26. Nc5 Qc8 27. Qe1 Rh2 28. Kg1 Qh8 29. Qf1 Ng4 30. Qe2 Qh5 31. Re1 Be4 32. Nxe4 dxe4 33. Rc1 f5 34. Rxc6 Rxg2+ 35. Qxg2 Nxe3 36. Qd2 Qf3 37. Rc1 Qxg3+ 38. Kh1 Qf3+ 39. Kg1 Qg3+ 40. Kh1 Ng4 41. Rf1 e3 42. Qg2 Qh4+ 43. Kg1 Qf6 44. Qd5 Qh4 45. Qg2 Qf6 46. Qd5 Qh4 47. Qg2 1/2-1/2

[Event "Ruhrgebiet Regionalliga 1415"]
[Site "Germany"]
[Date "2015.04.12"]
[Round "8.7"]
[White "Becker, Joerg"]
[Black "Jellinghaus, Lars"]
[Result "1-0"]
[WhiteElo "2139"]
[BlackElo "2067"]
[PlyCount "117"]
[EventDate "2014.09.28"]
[EventType "team-tourn"]
[EventRounds "9"]
[EventCountry "GER"]
[SourceTitle "EXT 2022"]
[Source "ChessBase"]
[SourceDate "2021.10.06"]
[SourceVersion "1"]
[SourceVersionDate "2021.10.06"]
[SourceQuality "1"]
[WhiteTeam "Herne Sodingen"]
[BlackTeam "Bochum SV II"]
[WhiteTeamCountry "GER"]
[BlackTeamCountry "GER"]

1. d4 e6 2. Nf3 d5 3. Bf4 Bd6 4. Bxd6 Qxd6 5. c3 Nd7 6. Nbd2 Ngf6 7. Qc2 0-0 8. c4 e5 9. dxe5 Nxe5 10. Nxe5 Qxe5 11. e3 Bg4 12. cxd5 Nxd5 13. Nc4 Qe7 14. Be2 Bxe2 15. Kxe2 Nf4+ 16. Kf3 Ne6 17. Rhd1 Qc5 18. h4 b5 19. Na3 Qb6 20. Rac1 c5 21. Qd3 a6 22. Qd6 Qb7+ 23. Qd5 Qe7 24. Kg3 Qf6 25. Qb3 c4 26. Qc3 Qg6+ 27. Kh2 Qh5 28. g3 Nc5 29. Rd4 Nd3 30. Rc2 b4 31. Qxc4 Ne1 32. Qxb4 Nf3+ 33. Kg2 Nxd4 34. Qxd4 Rad8 35. Qc4 Rd1 36. Qe2 Qd5+ 37. e4 Qd4 38. Nc4 Re8 39. Nd2 Rxd2 40. Rxd2 Qa4 41. b3 Qc6 42. Qc4 Qb7 43. Qd5 Qb4 44. Rd4 Qb6 45. Qd7 Rf8 46. Qd6 Qb7 47. Rb4 Qa8 48. Qd5 Qc8 49. Qb7 Qc3 50. Rc4 Qd3 51. Qxa6 h6 52. Qb7 Kh7 53. e5 Qd2 54. Rf4 Kg8 55. a4 Qb2 56. Qd5 Qe2 57. a5 Qa6 58. b4 Qg6 59. b5 1-0

[Event "Ruhrgebiet Regionalliga 1415"]
[Site "Germany"]
[Date "2015.01.25"]
[Round "5.7"]
[White "Becker, Joerg"]
[Black "Korste, Sebastian"]
[Result "1-0"]
[WhiteElo "2139"]
[BlackElo "1942"]
[PlyCount "80"]
[EventDate "2014.09.28"]
[EventType "team-tourn"]
[EventRounds "9"]
[EventCountry "GER"]
[SourceTitle "EXT 2022"]
[Source "ChessBase"]
[SourceDate "2021.10.06"]
[SourceVersion "1"]
[SourceVersionDate "2021.10.06"]
[SourceQuality "1"]
[WhiteTeam "Herne Sodingen"]
[BlackTeam "Borbeck Weisse Dame"]
[WhiteTeamCountry "GER"]
[BlackTeamCountry "GER"]

1. d4 Nf6 2. Nf3 e6 3. Bg5 d5 4. e3 Nbd7 5. Bd3 Be7 6. Nbd2 0-0 7. 0-0 c5 8. c3 b6 9. Ne5 Nxe5 10. dxe5 Nd7 11. Bxe7 Qxe7 12. f4 f6 13. exf6 Rxf6 14. e4 c4 15. e5 Rh6 16. Bc2 Qh4 17. h3 Bb7 18. Qe1 Rf8 19. Qe3 Nc5 20. b4 Nd3 21. Bxd3 cxd3 22. Rf2 Rg6 23. Kh2 d4 24. cxd4 Rxf4 25. Raf1 Rxf2 26. Rxf2 Qg5 27. Qxg5 Rxg5 28. g4 h5 29. Kg3 hxg4 30. hxg4 Rg6 31. Rh2 Rh6 32. Rxh6 gxh6 33. Kh4 Kg7 34. g5 Bd5 35. a3 a6 36. Kh5 hxg5 37. Kxg5 b5 38. Kf4 Kf7 39. Ke3 Bc4 40. Ne4 Ke7 1-0

[Event "Ruhrgebiet Regionalliga 1415"]
[Site "Germany"]
[Date "2014.12.21"]
[Round "4.7"]
[White "Klaus, Michael"]
[Black "Becker, Joerg"]
[Result "0-1"]
[WhiteElo "1870"]
[BlackElo "2139"]
[PlyCount "58"]
[EventDate "2014.09.28"]
[EventType "team-tourn"]
[EventRounds "9"]
[EventCountry "GER"]
[SourceTitle "EXT 2022"]
[Source "ChessBase"]
[SourceDate "2021.10.06"]
[SourceVersion "1"]
[SourceVersionDate "2021.10.06"]
[SourceQuality "1"]
[WhiteTeam "Hamm Koenigsspringer"]
[BlackTeam "Herne Sodingen"]
[WhiteTeamCountry "GER"]
[BlackTeamCountry "GER"]

1. d4 Nf6 2. Nf3 e6 3. c4 b6 4. g3 Bb7 5. Bg2 Be7 6. Nc3 0-0 7. 0-0 Ne4 8. Nxe4 Bxe4 9. Ne1 Bxg2 10. Nxg2 f5 11. Qd3 Nc6 12. a3 Bf6 13. e3 e5 14. d5 e4 15. Qc2 Ne5 16. Ne1 Qe7 17. Bd2 Rac8 18. Rd1 d6 19. Bc3 Nd7 20. Bd2 Rce8 21. b4 g5 22. Rb1 Qg7 23. Qa4 Ne5 24. Qc2 g4 25. Bc3 Nf3+ 26. Nxf3 gxf3 27. Bxf6 Rxf6 28. Kh1 Rh6 29. g4 Qe5 0-1

[Event "Oberliga Sued W 1415"]
[Site "Germany"]
[Date "2014.10.19"]
[Round "2.8"]
[White "Becker, Joerg"]
[Black "Reimer, Karl"]
[Result "1-0"]
[WhiteElo "2139"]
[BlackElo "1434"]
[PlyCount "53"]
[EventDate "2014.09.21"]
[EventType "team-tourn"]
[EventRounds "9"]
[EventCountry "GER"]
[SourceTitle "EXT 2019"]
[Source "ChessBase"]
[SourceDate "2018.10.10"]
[SourceVersion "1"]
[SourceVersionDate "2018.10.10"]
[SourceQuality "1"]
[WhiteTeam "Schwarzenbach Caissa"]
[BlackTeam "Mutterstadt"]
[WhiteTeamCountry "GER"]
[BlackTeamCountry "GER"]

1. e4 d6 2. d4 Nf6 3. Nc3 g6 4. h3 Bg7 5. Nf3 0-0 6. Be3 Nbd7 7. Qd2 c6 8. a4 Qc7 9. Be2 a6 10. 0-0 b6 11. Nh2 Bb7 12. f4 e6 13. e5 dxe5 14. fxe5 Nd5 15. Bh6 c5 16. Nxd5 Bxd5 17. Bxg7 Kxg7 18. Ng4 cxd4 19. Qh6+ Kh8 20. Nf6 Nxf6 21. exf6 Rg8 22. Rf4 g5 23. Bd3 Rg6 24. Bxg6 fxg6 25. Rxd4 Qf7 26. Rf1 e5 27. Rxd5 1-0

[Event "Oberliga Sued W 1415"]
[Site "Germany"]
[Date "2014.09.21"]
[Round "1.8"]
[White "Polster, Wolfgang"]
[Black "Becker, Joerg"]
[Result "1-0"]
[WhiteElo "2268"]
[BlackElo "2139"]
[PlyCount "69"]
[EventDate "2014.09.21"]
[EventType "team-tourn"]
[EventRounds "9"]
[EventCountry "GER"]
[SourceTitle "EXT 2019"]
[Source "ChessBase"]
[SourceDate "2018.10.10"]
[SourceVersion "1"]
[SourceVersionDate "2018.10.10"]
[SourceQuality "1"]
[WhiteTeam "Koblenz SV"]
[BlackTeam "Schwarzenbach Caissa"]
[WhiteTeamCountry "GER"]
[BlackTeamCountry "GER"]

1. e4 Nf6 2. e5 Nd5 3. d4 d6 4. c4 Nb6 5. exd6 cxd6 6. Nc3 g6 7. h3 Bg7 8. Nf3 0-0 9. Be2 Nc6 10. Bg5 h6 11. Bh4 Bf5 12. 0-0 Re8 13. Rc1 g5 14. Bg3 e5 15. d5 Ne7 16. h4 Ng6 17. hxg5 hxg5 18. Nd2 Nf4 19. Bg4 Bd3 20. Nce4 f5 21. Bxf4 fxe4 22. Be3 Bf6 23. Re1 Kg7 24. Bf5 Rh8 25. Nxe4 Bxe4 26. Bxe4 Rh4 27. Qf3 Qd7 28. g3 Rh6 29. Bf5 Qe7 30. c5 Na4 31. cxd6 Qxd6 32. Be4 Rah8 33. Qf5 Qd8 34. d6 Qxd6 35. Red1 1-0

[Event "NRW Class2 1314"]
[Site "Germany"]
[Date "2014.03.09"]
[Round "7.7"]
[White "Becker, Joerg"]
[Black "Seegers, Hendrik"]
[Result "1/2-1/2"]
[WhiteElo "2149"]
[BlackElo "2159"]
[PlyCount "155"]
[EventDate "2013.09.15"]
[EventType "team-tourn"]
[EventRounds "9"]
[EventCountry "GER"]
[SourceTitle "EXT 2015"]
[Source "ChessBase"]
[SourceDate "2014.11.20"]
[SourceVersion "1"]
[SourceVersionDate "2014.11.20"]
[SourceQuality "1"]
[WhiteTeam "Herne Sodingen"]
[BlackTeam "Neuenkirchen"]
[WhiteTeamCountry "GER"]
[BlackTeamCountry "GER"]

1. d4 d5 2. Nf3 e6 3. c4 c6 4. g3 dxc4 5. Bg2 Nd7 6. 0-0 b5 7. Nc3 Bb7 8. Bf4 Ngf6 9. Ne5 Nd5 10. Qc1 Bb4 11. e4 Nxc3 12. bxc3 Be7 13. Rb1 Nxe5 14. Bxe5 0-0 15. g4 a6 16. Qc2 c5 17. Rbd1 cxd4 18. cxd4 Bd6 19. Bg3 Bxg3 20. hxg3 Rc8 21. d5 exd5 22. exd5 Qd6 23. Be4 g6 24. Kg2 Rc5 25. f3 Bc8 26. Qd2 f5 27. gxf5 Bxf5 28. Qc3 Rc7 29. g4 Bc8 30. a3 Rf4 31. Qb4 Rd7 32. Bf5 Qxb4 33. axb4 Rd8 34. Kg3 g5 35. Be4 Bxg4 36. Bc2 Bf5 37. Bxf5 Rxf5 38. d6 Rd7 39. Rfe1 Rf6 40. Re5 Rdxd6 41. Rxg5+ Kf7 42. Rh1 h6 43. Rc5 Rd3 44. Rf1 Rb3 45. Kg4 Rxb4 46. Rc7+ Kg8 47. Kh5 Rb3 48. f4 Rh3+ 49. Kg4 Rd3 50. Re1 Rd4 51. Re8+ Rf8 52. Rxf8+ Kxf8 53. Kf5 Rd6 54. Ke5 Rb6 55. f5 Rb8 56. f6 b4 57. Kf5 Rb5+ 58. Ke6 Rb6+ 59. Kf5 Rb5+ 60. Ke6 Rb8 61. Rf7+ Kg8 62. Rg7+ Kh8 63. Kf7 b3 64. Kg6 Rg8 65. Kf7 Rc8 66. Kg6 b2 67. Rh7+ Kg8 68. Rg7+ Kf8 69. Rf7+ Ke8 70. Re7+ Kd8 71. Rb7 Rc6 72. Rxb2 Kc7 73. Kg7 Kd6 74. f7 Rc7 75. Rb6+ Kd5 76. Rxa6 c3 77. Rxh6 Kd4 78. Rh1 1/2-1/2

[Event "NRW Class2 1314"]
[Site "Germany"]
[Date "2014.02.02"]
[Round "6.7"]
[White "Fischer, Torsten"]
[Black "Becker, Joerg"]
[Result "1/2-1/2"]
[WhiteElo "1957"]
[BlackElo "2149"]
[PlyCount "46"]
[EventDate "2013.09.15"]
[EventType "team-tourn"]
[EventRounds "9"]
[EventCountry "GER"]
[SourceTitle "EXT 2015"]
[Source "ChessBase"]
[SourceDate "2014.11.20"]
[SourceVersion "1"]
[SourceVersionDate "2014.11.20"]
[SourceQuality "1"]
[WhiteTeam "Plettenberg"]
[BlackTeam "Herne Sodingen"]
[WhiteTeamCountry "GER"]
[BlackTeamCountry "GER"]

1. e4 c5 2. d4 cxd4 3. Bc4 Nc6 4. Ne2 Nf6 5. Nxd4 Nxe4 6. 0-0 d5 7. Bb3 Nc5 8. Nb5 e6 9. Bf4 Na6 10. N1c3 Be7 11. Re1 0-0 12. Qh5 g6 13. Qf3 Bg5 14. Bd6 Re8 15. Rad1 Bd7 16. Ba3 Qf6 17. Qe2 Red8 18. g3 Na5 19. h4 Bh6 20. Bxd5 Bf8 21. Bxf8 Kxf8 22. Bg2 Bc6 23. Nd6 Bxg2 1/2-1/2

[Event "Oberliga Sued W 1314"]
[Site "Germany"]
[Date "2014.01.19"]
[Round "5.4"]
[White "Horvath, Tamas"]
[Black "Becker, Joerg"]
[Result "1-0"]
[WhiteElo "2374"]
[BlackElo "2145"]
[PlyCount "133"]
[EventDate "2013.10.13"]
[EventType "team-tourn"]
[EventRounds "9"]
[EventCountry "GER"]
[SourceTitle "EXT 2015"]
[Source "ChessBase"]
[SourceDate "2014.11.20"]
[SourceVersion "1"]
[SourceVersionDate "2014.11.20"]
[SourceQuality "1"]
[WhiteTeam "Schwegenheim"]
[BlackTeam "Schwarzenbach II"]
[WhiteTeamCountry "GER"]
[BlackTeamCountry "GER"]

1. e4 Nf6 2. e5 Nd5 3. d4 d6 4. c4 Nb6 5. exd6 cxd6 6. Nc3 Nc6 7. Be3 g6 8. d5 Ne5 9. Bd4 Bh6 10. h4 0-0 11. h5 g5 12. b3 e6 13. dxe6 Bxe6 14. Be2 Nc6 15. Be3 d5 16. Nxd5 Nxd5 17. cxd5 Qxd5 18. Qxd5 Bxd5 19. Nf3 Rfe8 20. 0-0 f6 21. Rfd1 Bf7 22. Nd4 Nxd4 23. Rxd4 f5 24. Bc4 f4 25. Bxf7+ Kxf7 26. Rd7+ Re7 27. Rxe7+ Kxe7 28. Bc5+ Kd7 29. Rd1+ Kc7 30. Re1 Kc6 31. Re6+ Kxc5 32. Rxh6 Rh8 33. Rf6 h6 34. Rf7 Kc6 35. Kh2 Rd8 36. Kh3 Rd6 37. Kg4 a5 38. Rg7 Rd2 39. Rg6+ Kc5 40. Kf3 Rxa2 41. Rxh6 g4+ 42. Kxf4 Rxf2+ 43. Kg3 Rb2 44. Rg6 Rxb3+ 45. Kxg4 Rb4+ 46. Kg5 Rb2 47. Kf6 Rf2+ 48. Ke7 Rf1 49. Rg3 Re1+ 50. Kd7 Rf1 51. Rh3 Rf7+ 52. Ke6 Rh7 53. g4 a4 54. Kf6 Kb4 55. Kg6 Rc7 56. h6 Rc6+ 57. Kf5 Rc5+ 58. Ke6 Rc8 59. h7 Rh8 60. g5 a3 61. g6 a2 62. Rh1 Kb3 63. Kf7 b5 64. Kg7 Rc8 65. h8Q Rxh8 66. Kxh8 Kb2 67. g7 1-0